000 00309nam a2200121Ia 4500
008 220204s9999 xx 000 0 und d
082 _a678.5:678.029.8
_bAHM
100 _aAhmed, Mukhtar
245 0 _aColoring of plastics
260 _aNew York
_bVan Nostrand
_c1979
650 _aMan made fibres
942 _cBK
999 _c32307
_d32307